| 000 | 00693nam a2200253Ia 4500 | ||
|---|---|---|---|
| 003 | OSt | ||
| 005 | 20220924121729.0 | ||
| 006 | a|||||r|||| 00| 0 | ||
| 007 | ta | ||
| 008 | 220923b |||||||| |||| 00| 0 urd d | ||
| 020 | _c18 | ||
| 024 | _a320886 | ||
| 037 | _cTextual | ||
| 040 |
_aARTS _cARTS _burd |
||
| 041 |
_2urd _aurd |
||
| 082 | _aQ7vM30, 168L7 | ||
| 100 |
_aNadvi Abul Hasan Ali Au. _9187094 |
||
| 245 | 0 | _aJab iman ki bahar aai | |
| 260 |
_aKarachi _bMajlis nashriyat-e-islam Pakistan _c1977 |
||
| 300 |
_a371p. _ccm. |
||
| 650 | _aISLAM - HISTORY | ||
| 942 |
_hQ7vM30, 168L7 _cTEXL _2CC |
||
| 999 |
_c408808 _d408808 |
||